| 000 | 00662nam a2200229Ia 4500 | ||
|---|---|---|---|
| 001 | 9905 | ||
| 003 | GE_BSU | ||
| 008 | 181216s||||||||xx |||||||||||||| ||und|| | ||
| 040 | _cGE_BSU | ||
| 080 | _a82-93 | ||
| 100 | _aნიქაბაძე,ჯანსუღ | ||
| 245 | _aმზეწვია | ||
| 245 | _bლექსები | ||
| 245 | _cრედ.გ.კაჭახიძე.მხატვ.ა.კაკაბაძე | ||
| 260 | _aთბილისი | ||
| 260 | _bნაკადული | ||
| 260 | _c1966 | ||
| 300 | _a52გვ.ილ.17სმ. | ||
| 653 | _aლექსები | ||
| 653 | _aმზეწვია | ||
| 942 | _cBK | ||
| 999 |
_c43183 _d43183 |
||